000 00350 a2200169 4500
001 187512
020 _a85-16-00632-8
040 _cMagnum
100 _aKupstas, Marcia
240 1 0 _aO poço da bruxa
_lpor
245 1 0 _aO poço da bruxa
300 _a15
362 0 _a1997
440 1 _aModerna
697 _aLITERATURA INFANTO
942 _cBK
999 _c187512
_d187512